Humanitas : (Registro nro. 22051)

Detalles MARC
000 -Cabecera
Campo de control interno 02079nam a2200277Ia 4500
005 - Fecha y hora del registro
control field 20260320113337.0
008 - Elementos de Longitud Fija
fixed length control field 260320s9999||||xx |||||||||||||| ||und||
022 ## - ISSN
ISSN 7172168
041 ## - Idioma
Codigo Idioma ESP
082 ## - DEWEY y NOTACIÓN INTERNA
Dewey HR 200 PRIMAVERA 2025
Notación Interna HUMANITAS
100 ## - AUTOR
Autor denominación
Término de relación
110 ## - AUTOR INSTTITUCIONAL
Autor Institucional Pontificia Universidad Católica de Chile
245 #0 - TÍTULO DE MATERIAL BIBLIOGRÁFICO
Título Humanitas :
Título paralelo revista de antropología y cultura cristiana
246 ## - TÍTULO TRADUCIDO
Título
Título paralelo
Autor
260 ## - CIUDAD, EDITORIAL, AÑO
Ciudad Santiago :
Nombre de la Editorial Pontificia Universidad Católica de Chile,
Año 2025
300 ## - DESCRIPCIÓN
N° Páginas 576 páginas :
Otros detalles cuadros, gráficos, fotografías ;
Dimensiones 24 cm.
Material Adicional
440 ## - MENCIÓN DE SERIE
Título de la Serie
Número de Serie
Volumen de Serie
505 ## - TABLA DE CONTENIDO
Tabla de Contenido N° 111 (Septiembre-Noviembre 2025). -- - Las teologías que se enfrentaron en Nicea y las decisiones del concilio. Por Samuel Fernández. - Peregrinar, hoy. Por Eduardo Valenzuela. - La Universidad en búsqueda de su catolicidad. Por Stephan van Erp. - Ética institucional al interior de una universidad católica. Por Ignacio Sánchez, Diego Durán y Emilio Rodríguez. - Presencia católica en transformación. Por Ana Lourdes Suárez y Juan Martín López Fidanza. APUNTES Y NOTAS - La enigmática muerte de Antoni Gaudí. Por Jaume Aymar. - Semblanza de Mauro Matthei OSB. Por Rodrigo Moreno. - En las huellas de Francisco: sus cuatro encíclicas como hoja de ruta para la universidad católica. Por Fernando Soler. - Algunas notas sobre Dilexi te, la primera exhortación apostólica del Papa León XIV. Por Redacción Humanitas. - Otro Camino de Santiago: apuntes del Congreso en Economía y pensamiento social católico. Por Luis Ávalos Trujillo. - Pinceladas en torno al camino de la Medicina. Por Carlos Quintana, M. Soledad Quintana, Francisco Javier Larraín, Alex Wolf y Úrsula Hempel. PALABRA DEL PAPA León XIV: Discursos y mensajes que han marcado los últimos meses.
650 ## - TEMAS
Temas Religión
653 ## - DESCRIPTORES
Lenguajes no controlado Teología - Revista; Antropología cristiana
654 ## - PROGRAMAS
Programa Dpto. de Humanidades
700 ## - OTROS AUTORES
Otros autores
Títulos y otras palabras asociadas con el nombre
856 ## - URL - UBICACIÓN
URI/URL: Enlace exacto del recurso <a href="https://0u20joxpe-y-https-www-jstor-org.itmsp.museknowledge.com/">https://0u20joxpe-y-https-www-jstor-org.itmsp.museknowledge.com/</a>
Nota pública: Versión digital <a href="Véase además: Base de datos JSTOR">Véase además: Base de datos JSTOR</a>
942 ## - ELEMENTOS DE KOHA
Tipo de documento Revista
Nombre del creador Justo Noguera
Código de catalogador Margarita Torres
Esquema de clasificación Dewey Decimal Classification
Suppress in OPAC
Existencias
Codigo completo Registro Colección Copia número Disponibilidad Tipo de préstamo Biblioteca Actual Procedencia (Biblioteca) Ubicacón Fecha Ingreso Tipo de Adquisición Observación Date last seen Total checkouts Price effective from Tipo de Item Estado del Material Fuente de Clasificación Damaged status Withdrawn status
HR 200 PRIMAVERA 2025 HUMANITAS 1087433 Universidad Católica San Pablo 1 Disponible Disponible Víctor Andrés Belaunde Víctor Andrés Belaunde Planta baja abierta 10/03/2026 Suscripción Humanidades 20/03/2026   20/03/2026 Revista Bueno Dewey Decimal Classification